Statistics for Geography True or False #3

Click here to take the quiz!

General Stats

  • This quiz has been taken 16,344 times
  • The average score is 13 of 18

Answer Stats

Question Answer % Correct
Austria is landlockedTrue
92%
Indonesia is more populous than VietnamTrue
91%
Most of Greenland is covered by an ice sheetTrue
89%
Tanzania is on the east coast of AfricaTrue
86%
The "s" in Cannes is silentTrue
84%
The Cayman Islands are an independent countryFalse
84%
The Rio Grande is located on the border between Mexico and TexasTrue
83%
The White Cliffs of Dover are sometimes visible from FranceTrue
79%
The highest mountain in the United States is in ColoradoFalse
76%
Moscow is the most populous urban area whose name starts with the letter MFalse
69%
Hindi and Urdu are closely related languagesTrue
68%
The United States exports more than it importsFalse
66%
Lagos is the capital of NigeriaFalse
65%
Turkey is part of NATOTrue
63%
Crimea is located on the Caspian SeaFalse
55%
Johannesburg is one of the three capitals of South AfricaFalse
40%
Ontario touches the seaTrue
37%
Every U.S. state has received snow in the 21st centuryTrue
35%

Score Distribution

Percentile by Number Answered

Percent of People with Each Score

Your Score History

You have not taken this quiz